000 00833nam a2200289Ia 4500
001 Para_6302
003 CHAP
008 220125s1950 xx 000 0 und d
010 _a205033
040 _cCHAP
090 _aPA FOLLETO 394
100 _aPérez Toro, Augusto
_990058
245 _aEnfermedades y plagas del henéquen en Yucatán /
_c por Augusto Pérez Toro
260 _aMérida, Yuc. :
_b ZAMNA
300 _a83 p.
440 _aPublicaciones de henequeros de Yucatán
_9170974
650 _aHenequén
_x enfermedades
_953574
650 _aHenequén
_x plagas
_9164432
650 _aHenequén
_x Yucatán
_953592
901 _aPA FOLLETO 394
902 _aA
905 _a0000001950 a 0000000000 00
910 _a1950
942 _cPARA
942 _cPARA
_d1
999 _c205033
_d205033